Meracia ústredňa pre analógové signály

Gespeichert in:
Bibliographische Detailangaben
Hauptverfasser: Pekár, Vladimír (Verfasst von), Tomáška, Martin, 1955- (Verfasst von)
Format: Manuskript Buch
Sprache:Slowakisch
Veröffentlicht: Bratislava : STU v Bratislave FEI, 2000
Schlagworte:
Tags: Tag hinzufügen
Keine Tags, Fügen Sie das erste Tag hinzu!

MARC

LEADER 00000ntm a22000003a 4500
001 stu57315
005 20150617225652.8
008 010313s2000------------------------slo-d
040 |a STU  |b slo 
041 0 |a slo 
100 1 |a Pekár, Vladimír  |4 aut 
245 1 |a Meracia ústredňa pre analógové signály 
260 |a Bratislava :  |b STU v Bratislave FEI,  |c 2000 
300 |a 50 s  |c príl. 
650 7 |a elektronika  |2 stusub 
700 1 |a Tomáška, Martin,  |d 1955-  |4 aut  |u E030  |U FEI Fakulta elektrotechniky a informatiky  |T FEI Ústav elektroniky a fotoniky  |X 1942  |U E030  |Y 549  |7 A000001942